<?xml version="1.0" encoding="UTF-8"?>
<record
    xmlns:xsi="http://www.w3.org/2001/XMLSchema-instance"
    xsi:schemaLocation="http://www.loc.gov/MARC21/slim http://www.loc.gov/standards/marcxml/schema/MARC21slim.xsd"
    xmlns="http://www.loc.gov/MARC21/slim">

  <leader>00483nam a22001697a 4500</leader>
  <controlfield tag="003">SISC</controlfield>
  <controlfield tag="005">20160712141623.0</controlfield>
  <controlfield tag="008">160712b        xxu||||| |||| 00| 0 eng d</controlfield>
  <datafield tag="050" ind1=" " ind2=" ">
    <subfield code="a">DS 675.8 .B627 2011</subfield>
  </datafield>
  <datafield tag="100" ind1=" " ind2=" ">
    <subfield code="a">Rizal, Jose P. (1861-1896)</subfield>
  </datafield>
  <datafield tag="245" ind1=" " ind2=" ">
    <subfield code="a">Noli me tangere / </subfield>
    <subfield code="c">Jose P. Rizal. </subfield>
  </datafield>
  <datafield tag="260" ind1=" " ind2=" ">
    <subfield code="a">Quezon City : </subfield>
    <subfield code="b">C &amp; E Publishing, </subfield>
    <subfield code="c">2011. </subfield>
  </datafield>
  <datafield tag="300" ind1=" " ind2=" ">
    <subfield code="a">1 CD-ROM. </subfield>
  </datafield>
  <datafield tag="650" ind1=" " ind2=" ">
    <subfield code="a">Literature--Philippines. </subfield>
  </datafield>
  <datafield tag="700" ind1=" " ind2=" ">
    <subfield code="a">Rizal, Jose P. (1861-1896)</subfield>
  </datafield>
  <datafield tag="942" ind1=" " ind2=" ">
    <subfield code="2">lcc</subfield>
    <subfield code="c">AVM</subfield>
  </datafield>
  <datafield tag="999" ind1=" " ind2=" ">
    <subfield code="c">296256</subfield>
    <subfield code="d">296256</subfield>
  </datafield>
  <datafield tag="952" ind1=" " ind2=" ">
    <subfield code="0">0</subfield>
    <subfield code="1">0</subfield>
    <subfield code="2">lcc</subfield>
    <subfield code="4">0</subfield>
    <subfield code="a">LUX</subfield>
    <subfield code="b">LUX</subfield>
    <subfield code="c">AV</subfield>
    <subfield code="d">2016-07-12</subfield>
    <subfield code="e">Library Fund</subfield>
    <subfield code="k">AV</subfield>
    <subfield code="l">0</subfield>
    <subfield code="o">DS 675.8 .B627 2011</subfield>
    <subfield code="p">AV1543</subfield>
    <subfield code="r">2016-07-12 00:00:00</subfield>
    <subfield code="w">2016-07-12</subfield>
    <subfield code="y">AVM</subfield>
  </datafield>
</record>
